000 00498nam a2200157 i 4500
001 bg
100 1 _aJABŁOŃSKI, Eugeniusz
245 0 _aZbiór przepisów dotyczących inwestycji :
_bstan prawny na dzień 1 kwietnia 1973 /
_cEugeniusz Jabłoński, Kazimierz Gawlikowski, Franciszek Wentowski.
260 _aWarszawa,
_c1973.
700 1 _aGAWLIKOWSKI, Kazimierz
700 1 _aWENTOWSKI, Fanciszek
040 _cBPK
041 _apol
942 _cKS
008 s pl f |000 0 pol
999 _c7615
_d7615
856 _uhttp://koha.tu.koszalin.pl/cgi-bin/koha/opac-detail.pl?biblionumber=7615
_yKatalog online BPK